Status Quo of Ethics & Integrity of Freelance Jobs

Prehľad základných atribútov práce slobodných povolaní. Základná charakteristika a klasifikácia slobodných povolaní. Opis trojrozmernej perspektívy výskumného procesu. Tretia časť je zameraná na identifikovanie súčasnej situácie slobodných povolaní v SR, rozbor etiky slobodných povolaní a popis pred...

ver descrição completa

Na minha lista:
Detalhes bibliográficos
Autor principal: Dubcová, Gabriela, 1968-
Outros Autores: Kissová, Jana, 1979-
Formato: Capítulo de Livro
Idioma:inglês
Assuntos:
Tags: Adicionar Tag
Sem tags, seja o primeiro a adicionar uma tag!

MARC

LEADER 00000naa$a2200000$$$4500
001 0306502
005 20250130103115.5
041 0 |a eng 
044 |a CZ 
245 1 0 |a Status Quo of Ethics & Integrity of Freelance Jobs  |c Gabriela Dubcová, Jana Kissová 
520 |a Prehľad základných atribútov práce slobodných povolaní. Základná charakteristika a klasifikácia slobodných povolaní. Opis trojrozmernej perspektívy výskumného procesu. Tretia časť je zameraná na identifikovanie súčasnej situácie slobodných povolaní v SR, rozbor etiky slobodných povolaní a popis predpisov podnikateľských subjektov v oblasti slobodných povolaní. Etika slobodných povolaní. Charakteristika profesií podľa profesijnej etiky a integrity. Súlad a regulácia podnikateľských subjektov v oblasti slobodných povolaní. Kódex správania pracovnej pozície v podniku, ktorý je predmetom slobodného povolania. 
610 2 0 |a etika 
610 2 0 |a povolanie 
610 2 0 |a priemysel kreatívny 
610 2 0 |a priemysel kultúrny 
610 2 0 |a priemysel umelecký 
100 1 |a Dubcová, Gabriela, 1968- 
700 1 |a Kissová, Jana, 1979-